MY CHIEF (Record no. 567857)
[ view plain ]
| 000 -LEADER | |
|---|---|
| fixed length control field | 00241nam a22001097a 4500 |
| 082 ## - DEWEY DECIMAL CLASSIFICATION NUMBER | |
| Classification number | 923.5 AHM'C |
| 100 ## - MAIN ENTRY--PERSONAL NAME | |
| Personal name | MUHAMMAD AHMED. COLONEL |
| 9 (RLIN) | 57586 |
| 245 ## - TITLE STATEMENT | |
| Title | MY CHIEF |
| 260 ## - PUBLICATION, DISTRIBUTION, ETC. | |
| Place of publication, distribution, etc. | LAHORE |
| Name of publisher, distributor, etc. | LONMANS GREEN |
| Date of publication, distribution, etc. | 1960 |
| 300 ## - PHYSICAL DESCRIPTION | |
| Extent | 111P |
| 942 ## - ADDED ENTRY ELEMENTS (KOHA) | |
| Koha item type | Book |
| Withdrawn status | Lost status | Damaged status | Not for loan | Permanent Location | Current Location | Shelving location | Date acquired | Total Checkouts | Full call number | Barcode | Date last seen | Price effective from | Koha item type |
|---|---|---|---|---|---|---|---|---|---|---|---|---|---|
| College of Electrical & Mechanical Engineering (CEME) | College of Electrical & Mechanical Engineering (CEME) | General Stacks | 07/13/2017 | 923.5 AHM'C | CEME-3911 | 06/28/2021 | 06/28/2021 | Book |
